Orientaciones pastorales III

Salvato in:
Dettagli Bibliografici
Natura: Libro
Lingua:spagnolo
Pubblicazione: Concepción Conferencia Episcopal de Chile 1970
Soggetti:
Tags: Aggiungi Tag
Nessun Tag, puoi essere il primo ad aggiungerne!!

MARC

LEADER 00000nam a2200000 a 4500
001 UCZ1400
003 CL-VaPUC
008 950824e19700000CL |||||||||||||||||spa|d
082 0 4 |a 253  |b ORI  |2 21 
245 1 0 |a Orientaciones pastorales III 
300 |a 30 p 
942 |c BK 
945 |d 19950824 00:00:00  |a aalvarez 
260 |a Concepción  |b Conferencia Episcopal de Chile  |c 1970 
650 0 |a Teología pastoral   |9 257832 
650 7 |a EVANGELIZACION  |2 CL-VaPUC  |9 344962 
650 0 |a Sociología cristiana  |9 257898 
583 |a last modification  |c 19950824 00:00:00  |k Rodrigo Vera 
999 |c 238150  |d 238148 
952 |0 0  |1 0  |4 0  |6 253_000000000000000_ORI_1970  |7 0  |8 A  |9 248173  |a BIBTEO  |b BIBTEO  |d 2019-11-18  |i 3128555  |o 253 ORI 1970  |p 3128555  |r 2025-01-17  |w 2019-11-18  |y BK  |k ICR